000 01082cam a2200349Ma 4500
999 _c111160
_d111160
003 BJBSDDR
005 20230411090026.0
007 ta
008 970407s1995 enka 000 0 eng d
020 _a0140240853
020 _a9780140240856
029 0 _aAU@
_b000013137514
035 _a(OCoLC)ocn222113265
035 _a(OCoLC)222113265
040 _aAU@
_beng
_cAU@
041 _aspa
043 _ae-uk-en
049 _aGRAL
050 0 0 _aPS 536.2
_bA258 1995
082 0 0 _a813.5408
_220
245 0 0 _aAfter yesterday's crash :
_bthe avant-pop anthology /
_cedited by Larry McCaffery.
260 _aHarmondsworth, Middlesex :
_bPenguin,
_c1995.
300 _axxxi, 348 p. :
_bill. ;
_c20 cm.
500 _aIncludes list of contributors.
650 0 _aAmerican literature
_y20th century.
650 0 _aLiterature, Experimental
_zUnited States.
650 0 _aPopular literature
_zUnited States.
650 4 _aLiteratura americana
_9369
650 4 _aLiteratura experimental.
_zEstados Unidos.
_95666
700 1 _aMcCaffery, Larry,
_d1946-
_95667
942 _2lcc
_cBK